Effectif Inter Miami (2024 - 2025) - Statistiques

Statistiques générales
  • Ce quiz a été pris 9 fois
  • Le résultat moyen est 5 sur 28
Statistiques - réponses
Poste Nationalité Valeur marchande (€) Joueur % Correct
Défenseur gauche Espagne 2 000 000 Jordi Alba
100%
Ailier droit Argentine 20 000 000 Lionel Messi
100%
Avant centre Uruguay 2 800 000 Luis Suárez
100%
Milieu défensif Espagne 1 800 000 Sergio Busquets
100%
Ailier gauche Finlande 2 000 000 Robert Taylor
33%
Milieu central États-Unis 4 000 000 Benja Cremaschi
11%
Défenseur central Paraguay 1 500 000 David Martínez
11%
Gardien États-Unis 2 500 000 Drake Callender
11%
Milieu défensif Argentine 6 500 000 Federico Redondo
11%
Défenseur droit Argentine 2 000 000 Marcelo Weigandt
11%
Milieu défensif Honduras 2 500 000 David Ruíz
0%
Ailier gauche Haïti 600 000 Fafà Picault
0%
Défenseur droit Argentine 3 000 000 Gonzalo Luján
0%
Défenseur central Jamaïque 500 000 Ian Fray
0%
Défenseur droit République dominicaine 75 000 Israël Boatwright
0%
Milieu droit États-Unis 3 000 000 Julian Gressel
0%
Ailier gauche Brésil 400 000 Leo Afonso
0%
Défenseur central Uruguay 900 000 Maximiliano Falcón
0%
Défenseur gauche États-Unis 1 000 000 Noah Allen
0%
Gardien Argentine 100 000 Oscar Ustari
0%
Gardien Argentine 400 000 Rocco Ríos Novo
0%
Défenseur central États-Unis 200 000 Ryan Sailor
0%
Milieu central États-Unis 75 000 Santiago Morales
0%
Ailier droit Argentine 2 000 000 Tadeo Allende
0%
Milieu central Venezuela 1 000 000 Telasco Segovia
0%
Défenseur central Argentine 6 000 000 Tomás Avilés
0%
Défenseur central États-Unis 100 000 Tyler Hall
0%
Milieu défensif Italie 1 000 000 Yannick Bright
0%
Aucun quiz correspondant
Distribution des résultats
% des personnes avec chaque résultat
Percentile par nombre de réponses
Votre historique - résultats
Vous n’avez pas pris ce quiz